00799nab a2200241 uc450000100070000000500170000700800410002403500110006503500210007604000130009704100080011010000360011824500570015465000280021165000210023965000240026065000260028465000430031070000340035377301410038794200100052899900190053864964920240924091332.0010302e19981015 eng  a649649 a(OCoLC)819898194 ccomduadb aeng10aSecchi, A. R.4auteaut951811210aAnalysis and optimization of LDPE production process aPolimerización941809 aReactores929718 aSimulación919386 aModelización960223 7aProcesos de manufactura2armarc93729910aBolsoni, A.4auteaut93390580 tInvestigación Aplicada Latino Americana (Bahía Blanca, Argentina)gVol. 28, No. 04, Oct. 1998, p. 265-276w495513x0327-07930123981 cARIMP c191687d191687